000 00393nam a22001697a 4500
005 20180221142100.0
008 160613b xxu||||| |||| 00| 0 eng d
020 _a81-7829-384-6
041 _aeng
082 _b7284
_a174.4
100 _aSharma, Poonam & Bhal, kanika T
_91811
245 _aManagerial Ethics
260 _bSAGA
300 _a240
650 _aManagement
_9241
942 _cBK
999 _c2546
_d2545